000 01155nam a22003014a 4500
001 197904
003 ES-MaACL
005 20251203063036.0
008 251028b2025 sp ||||| |||| 000 0 spa d
020 _a978-84-120414-4-6
040 _aES-MaACL
_bspa
_cES-MaACL
_erda
080 _a614.46:351.778(460):316.4.063
080 _a616.98-036.21:578.834(460)"2020/... "
100 1 _aPiedad, Pepe de
_9242444
_eaut
245 1 0 _aVidario del año de la peste /
_cPepe de Piedad
264 1 _a[Madrid] :
_bEdiciones Panacea,
_c[2025]
300 _a91 páginas :
_bfotografías (blanco y negro) ;
_c23 cm
336 _2rdacontent
_atexto
337 _2rdamedia
_asin mediación
338 _2rdacarrier
_avolumen
650 4 _9242558
_aConfinamiento (Política sanitaria)-
_zEspaña
650 4 _9242323
_aPandemia de la Covid-19, 2020-2023
_xAspectos sociales
_zEspaña
852 _aES-MaACL
_cDEPO1
_jA-15836
_xEncuadernación rústica
_9206956
942 _cMONOGRAFIA
_n0
999 _c197904
_d197904